000 00297nam a22001337a 4500
008 181017b xxu||||| |||| 00| 0 eng d
020 _a9780155001923
041 _aeng
080 _a330.722
100 _a62
101 _aKF
245 _aFinancial Accounting
_cPorter,G.A
942 _2udc
_cBK
999 _c50050
_d50050